00625cam a22002292 4500001001100000005001700011008004100028020001700069040001500086100003100101245011600132260002400248300001900272650003000291650005600321852000300377852000300380852000300383852000300386852000300389852000300392000002544820151217154544.0150922s xx 000 0 eng d a0199578726 : aKABUcKABU1 aAlston Philip.@000018609510aInternational Human rights :bThe successor to International Human Rights in Context: law, Politics and Morals. aUK :bO.U.P,c2013. axxxix, 1580 p. 0aHuman rights.@0000150298 0aHuman rights xMoral & ethical aspects.@00001860961 1 1 1 1 1